| 000 | 00602nam a2200205 i 4500 | ||
|---|---|---|---|
| 001 | 124310 | ||
| 003 | ES-MaACL | ||
| 005 | 20230906192352.0 | ||
| 007 | t| | ||
| 008 | 070528s1963 sp f |||| | spa d | ||
| 080 | _a003(02) | ||
| 100 | 1 |
_aVarela y Sartorio, Eulogio. _9113177 |
|
| 245 | 1 | 3 |
_aLa letra y su teoría constructiva / _cpor Eulogio Varela y Sartorio. |
| 260 |
_aMadrid : _bEspasa-Calpe, _c1963. |
||
| 300 |
_a2 v. ; _c24 y 49 cm. |
||
| 500 | _aTexto y láminas. | ||
| 650 | 1 | 4 |
_aCaligrafía. _910684 |
| 852 |
_aES-MaACL _jC-24318 _z(Texto) |
||
| 852 |
_aES-MaACL _jB-7304 _z(Láminas) |
||
| 999 |
_c124310 _d124310 |
||